000 00997nam a22003137a 4500
003 CHAP
005 20220329140746.0
008 971013s1982 r 10010 d
010 _a57179
011 _a58151
035 _a62306
040 _cCHAP
082 _a631.58
_bS8 1980
111 0 0 _aSymposium on Intercropping in Semi-Arid Areas (
_n2
_d: 1980
_c: Morogoro, Tanzania)
_9111030
245 _aIntercropping proceedings
260 _aOttawa :
_bInternational Development Research Centre,
_c1982
300 _a168 p.
_b; gráfs.
490 _aIDRC
_v; 186e
590 _aBATCH-UPD
_b10
_c20130110
_lUCH01
_h0747
590 _aCONVERSION
_b10
_c20130109
_lUCH01
_h1331
650 1 4 _aCultivos asociados.
_930370
650 1 4 _aSistemas de cultivo.
_9106746
700 0 _aKeswani, C. L.
_963112
700 0 _aNdunguru, B. J.
_980648
830 0 _aIDRC
_v; 186e
_957298
901 _aBK
942 _cLIBRO
949 _a631.58 S8 1980
_bBC
_cLIBRO
_d33724000161964
_eLIBRO
_gI.c/e
_h69246
_i62306
_si
999 _c57179
_d57179